[Event "Oberliga Nord N9495"]
[Site "Germany"]
[Date "1995.??.??"]
[Round "?"]
[White "Von Buelow, Georg"]
[Black "Meyer, Falko"]
[Result "0-1"]
[WhiteElo "2355"]
[BlackElo "2260"]

1.e4 d6 2.d4 Nf6 3.Nc3 c6 4.f4 Qa5 5.Bd3 e5 6.Nf3 Bg4 7.dxe5 dxe5 8.h3 Bxf3
9.Qxf3 Nbd7 10.Bd2 Qc7 11.O-O-O O-O-O 12.g3 Bd6 13.Bf1 Rhe8 14.h4 Nc5 15.Bh3+ Kb8
16.Rhe1 h5 17.Kb1 b5 18.a3 a5 19.f5 Be7 20.Bg5 b4 21.axb4 axb4 22.Bxf6 Bxf6
23.Na2 Qa5 24.Bf1 Kc7 25.Bc4 Ra8 26.Qxh5 Re7 27.Qf3 Kc8 28.g4 Rea7 29.g5 Bd8
30.f6 gxf6 31.gxf6 b3 32.Qf5+ Kb7 33.cxb3 Qxa2+ 34.Kc2 Bc7 35.Bxf7 Ra5 36.Bc4 Nxb3
37.Qf2 Na1+ 38.Kd3 Ra3+  0-1

[Event "BL2-N9495"]
[Site "Germany"]
[Date "1995.??.??"]
[Round "?"]
[White "Hermann, Manfred"]
[Black "Stolz, Mike"]
[Result "1-0"]
[WhiteElo "2385"]
[BlackElo "2280"]

1.e4 d6 2.d4 Nf6 3.Nc3 Nbd7 4.Nf3 e5 5.Bc4 Be7 6.O-O c6 7.a4 O-O 8.Qe2 Qc7
9.Rd1 h6 10.h3 Re8 11.Be3 Nf8 12.d5 c5 13.a5 a6 14.Nd2 N6h7 15.Bd3 Bg5 16.Nc4 Bxe3
17.Qxe3 Bd7 18.Rdb1 Red8 19.b4 cxb4 20.Rxb4 Bc8 21.Na4 Nf6 22.Rab1 N8d7 23.Ncb6 Nxb6
24.Nxb6 Rb8 25.Rc4 Qe7 26.Qd2 Ne8 27.Qc3 Bd7 28.Rcb4 Nf6 29.Nxd7 Qxd7 30.Rb6 Ne8
31.Qb4 Qc7 32.Bxa6 Qxc2 33.Bxb7 Nf6 34.a6 Nxe4 35.Qb2 Qc7 36.a7  1-0

[Event "BL2-N9495"]
[Site "Germany"]
[Date "1995.??.??"]
[Round "?"]
[White "Hetey, Laszlo"]
[Black "Stolz, Mike"]
[Result "0-1"]
[WhiteElo "2275"]
[BlackElo "2280"]

1.e4 d6 2.d4 Nf6 3.Nc3 Nbd7 4.g3 e5 5.Nge2 g6 6.Bg2 Bg7 7.O-O O-O 8.a4 c6
9.a5 Re8 10.Re1 Qc7 11.h3 Rb8 12.Kh2 h5 13.dxe5 dxe5 14.Be3 b5 15.axb6 axb6
16.Qd2 Bb7 17.Red1 Rbd8 18.Qd6 Qb8 19.Qa3 Bf8 20.Qa2 b5 21.Qa5 Nc5 22.f3 h4
23.g4 Ne6 24.Bf2 Be7 25.Na2 Kg7 26.Qe1 Rh8 27.Rxd8 Bxd8 28.Kh1 Nd7 29.Nac1 Bg5
30.Nd3 c5 31.Nc3 Bc6 32.b3 Qb7 33.Be3 Bxe3 34.Qxe3 Nd4 35.Rc1 Qb6 36.Ne2 c4
37.Nb4 Nxe2 38.Qxe2 Qc5 39.Nxc6 Qxc6 40.bxc4 bxc4 41.Ra1 Rb8 42.Bf1 c3 43.Qd3 Nf8
44.Qc4 Rc8 45.Qxc6 Rxc6 46.Ra5 Ne6 47.Rxe5 Nd4 48.Bd3 Nxf3 49.Rd5 Ne1 50.Kg1 Rf6
51.Rc5 Rf3 52.Rxc3 Rxh3 53.e5 Nxc2 54.Rxc2 Rxd3 55.Kf2 Rg3 56.Rc4 Kf8 57.Ra4 Ke7
58.Rb4 Ke6 59.Rf4 Kxe5 60.Rxf7 Rxg4 61.Kf3 Ra4 62.Rf8 Ke6 63.Kg2 Ke7 64.Rf3 g5
65.Rf5 Rg4+ 66.Kh2 Ke6 67.Rf8 Rf4 68.Re8+ Kf5 69.Kh3 Rf3+ 70.Kg2 Kg4 71.Re4+ Rf4
72.Re5 Ra4 73.Rb5 Ra2+ 74.Kg1 h3 75.Rb4+ Kg3 76.Rb3+ Kh4 77.Kh1 g4 78.Rb4 Kg3
79.Rb3+ Kh4 80.Rb4 Rf2 81.Rb1 Rf4 82.Rb3 Ra4 83.Rb1 g3 84.Rg1 Kg4 85.Rb1 Re4
86.Ra1 Kf3 87.Rf1+ Ke2 88.Rg1 Re3 89.Ra1 Rd3  0-1

[Event "BL2-O9495"]
[Site "Germany"]
[Date "1995.??.??"]
[Round "?"]
[White "Kestler, Hans Guenther"]
[Black "Janoschka, Arnd"]
[Result "1/2-1/2"]
[WhiteElo "2350"]
[BlackElo "2220"]

1.e4 d6 2.d4 Nf6 3.Nc3 Nbd7 4.Nf3 e5 5.Bc4 Be7 6.O-O O-O 7.h3 c6 8.a4 b6
9.d5 Bb7 10.Re1 Rc8 11.dxc6 Bxc6 12.Ba6 Ra8 13.Bb5 Bb7 14.Bg5 a6 15.Bc4 Rc8
16.Qe2 Nxe4 17.Nxe4 Bxe4 18.Qxe4 Bxg5 19.Bxa6 Nc5 20.Qf5 Nxa6 21.Nxg5 g6
22.Qg4 Rxc2 23.Rad1 Kg7 24.f4 Qf6 25.fxe5 Qf2+ 26.Kh2 h5 27.Qf3 dxe5 28.Rxe5 Qxf3
29.Nxf3 Rxb2 30.Rd6 Ra8 31.Re7 Nc5 32.Ne5 Rf2 33.Rxb6 Rf6 34.Rb5 Nxa4 35.Rbb7 Nc5
36.Rxf7+ Rxf7 37.Rxf7+ Kh6 38.Re7 Kg5 39.Rc7 Ne6 40.Rc6 Nf8  1/2-1/2

[Event "BL2-S9495"]
[Site "Germany"]
[Date "1995.??.??"]
[Round "?"]
[White "Dittmar, Peter"]
[Black "Hauke, Christian"]
[Result "0-1"]
[WhiteElo "2285"]
[BlackElo "2275"]

1.d4 Nf6 2.Nc3 d6 3.e4 Nbd7 4.Be3 e5 5.f3 c6 6.Qd2 Be7 7.g4 O-O 8.O-O-O b5
9.Nce2 Nb6 10.Ng3 exd4 11.Bxd4 d5 12.g5 Ne8 13.h4 Qc7 14.Nf5 c5 15.Nxe7+ Qxe7
16.Bf2 d4 17.Bxb5 Be6 18.Qa5 Nd6 19.Bg3 Rfc8 20.Nh3 Nxb5 21.Qxb5 Bxh3 22.Rxh3 Qe6
23.Rhh1 Qxa2 24.Qb3 Qa1+ 25.Kd2 Qa5+ 26.Kc1 Rc6 27.Kb1 Rd8 28.Qa2 Na4 29.Rd3 Ra6
30.Kc1 Qb5 31.Rb3 Qc6 32.Ra3 c4 33.Rd1 d3 34.c3 Qb5 35.Rd2 Rc8 36.Kd1 Rcc6
37.Bf2 Ra5 38.Bd4 Rca6 39.Ke1 Nc5 40.Bxc5 Qxc5 41.Kf1 Rxa3 42.bxa3 Rxa3 43.Qb1 Rb3
44.Qa2 Qa3 45.Qxa3 Rxa3 46.Rb2 Kf8 47.Rb7 Rxc3 48.Rxa7 Rc1+  0-1

[Event "Oberliga Nord N9495"]
[Site "Germany"]
[Date "1995.??.??"]
[Round "?"]
[White "Upleger, Martin"]
[Black "Hennings, Artur"]
[Result "1/2-1/2"]
[WhiteElo "2245"]
[BlackElo "2355"]

1.d4 d6 2.e4 Nf6 3.Nc3 Nbd7 4.Nf3 e5 5.Bc4 Be7 6.O-O c6 7.a4 O-O 8.a5 h6
9.h3 Re8 10.Re1 Bf8 11.d5 b5 12.Bb3 b4 13.dxc6 bxc3 14.cxd7 Bxd7 15.bxc3 Qc7
16.Qd3 Rec8 17.c4 Be6 18.Ra4 Nd7 19.Be3 Nc5 20.Bxc5 dxc5 21.Qc3 f6 22.Nd2 Rd8
23.Nf1 Rd4 24.f3 Qd7 25.Ne3 Bd6 26.Raa1 Rf8 27.Ba4 Qc8 28.Nd5 f5 29.exf5 Bxf5
30.Qe3 Bxh3 31.Qxe5 Bxe5 32.Ne7+ Kh8 33.Nxc8 Bxc8 34.Rxe5 Rxc4 35.Bb3 Rc3
36.Rae1 Bf5 37.R1e3 Rxe3 38.Rxe3 Rc8 39.Re7 c4 40.Ba4 Rb8 41.Rxa7  1/2-1/2

[Event "Landesliga S9596 Bayern"]
[Site "Germany"]
[Date "1995.??.??"]
[Round "?"]
[White "Klundt, Klaus"]
[Black "Deglmann, Ludwig"]
[Result "1/2-1/2"]
[WhiteElo "2315"]
[BlackElo "2230"]

1.e4 d6 2.d4 Nf6 3.Nc3 e5 4.Nf3 Nbd7 5.Bc4 Be7 6.O-O O-O 7.h3 c6 8.a4 Qc7
9.Re1 b6 10.Ba2 Bb7 11.Bg5 Rfe8 12.Qd3 a6 13.Qc4 Rf8 14.Rad1 Rac8 15.Nh4 b5
16.Qd3 g6 17.Bh6 Rfd8 18.Nf5 Nf8 19.Nxe7+ Qxe7 20.Bg5 Kg7 21.Re3 N8d7 22.f4 h6
23.Bxf6+ Nxf6 24.Rf1 b4 25.Ne2 exd4 26.Nxd4 c5 27.e5 cxd4 28.exf6+ Qxf6 29.Re2 Re8
30.Rfe1 Rxe2 31.Rxe2 Rc7 32.g3 Kh7 33.Bb3 Re7 34.Rxe7 Qxe7 35.Kf2 Qd7 36.Qc4 Kg8
37.h4 h5 38.Qxd4 Qc6 39.Qe3 Kf8 40.Ke1 Qh1+ 41.Kd2 Qg2+ 42.Kc1 Qf1+ 43.Kd2 Qg2+  1/2-1/2

[Event "BL2-N9495"]
[Site "Germany"]
[Date "1995.??.??"]
[Round "?"]
[White "Darnstaedt, Frank"]
[Black "Von Alvensleben, Wolfram"]
[Result "1-0"]
[WhiteElo "2320"]
[BlackElo "2235"]

1.e4 d6 2.d4 Nf6 3.Nc3 e5 4.Nf3 Nbd7 5.Bc4 Be7 6.O-O O-O 7.h3 c6 8.a4 a5
9.Qe2 Re8 10.dxe5 Nxe5 11.Nxe5 dxe5 12.Rd1 Qb6 13.Be3 Qc7 14.Rd3 Bf8 15.Bg5 Be6
16.Rf3 Nd7 17.Bxe6 Rxe6 18.Qc4 Nc5 19.Be3 Na6 20.Rd1 Rd8 21.Rxd8 Qxd8 22.Qb3 Nb4
23.Kh2 Qd7 24.Nb1 Qd1 25.Na3 Be7 26.Bb6 Bd8 27.Bxd8 Qxd8 28.c3 Nd3 29.Qxb7 Rf6
30.Rxd3  1-0

[Event "BL2-O9495"]
[Site "Germany"]
[Date "1995.??.??"]
[Round "?"]
[White "Bewersdorff, Oliver"]
[Black "Braun, Gottfried"]
[Result "0-1"]
[WhiteElo "2300"]
[BlackElo "2330"]

1.d4 d6 2.e4 Nf6 3.Nc3 e5 4.Nf3 Nbd7 5.Bc4 Be7 6.O-O O-O 7.Re1 a6 8.a4 exd4
9.Nxd4 Ne5 10.Bf1 Nc6 11.Nde2 Nb4 12.Nf4 a5 13.h3 c6 14.Bc4 Nd7 15.Be3 Ne5
16.Bb3 Re8 17.Nce2 Bf8 18.Qd2 Qh4 19.Ng3 Be7 20.Rad1 Bd7 21.Qe2 g6 22.Nf1 Bf8
23.Nh2 Qf6 24.g3 Na6 25.c3 Nc5 26.Bc2 Rad8 27.h4 h6 28.Ng2 Qe6 29.f4 Nxe4
30.fxe5 Nxg3 31.Qf2 Nh5 32.exd6 Bxd6 33.Bg5 Bxh2+ 34.Kxh2 Qh3+ 35.Kg1 hxg5
36.Rxe8+ Rxe8 37.Rd3 Qg4 38.Rd4 Nf4  0-1

[Event "BL2-O9495"]
[Site "Germany"]
[Date "1995.??.??"]
[Round "?"]
[White "Gnauk, Reinhard"]
[Black "Matthey, Harald"]
[Result "0-1"]
[WhiteElo "2245"]
[BlackElo "2340"]

1.e4 Nf6 2.Nc3 d6 3.d4 e5 4.Nf3 Nbd7 5.g3 Be7 6.Bg2 O-O 7.O-O c6 8.a4 a5
9.h3 Re8 10.Re1 Qc7 11.b3 b6 12.Ba3 Bb7 13.Qd2 Rad8 14.Rad1 Bf8 15.Qg5 h6
16.Qd2 Qb8 17.Nh4 Qa8 18.Nf5 exd4 19.Qxd4 c5 20.Qd3 g6 21.Nh4 Ne5 22.Qd2 g5
23.Nf3 Nxe4 24.Nxe4 Bxe4 25.Nxe5 Bxg2 26.Ng4 Bg7 27.Kh2 Bf3 28.Rb1 Bxg4 29.hxg4 Qf3
30.Rxe8+ Rxe8 31.Re1 Rxe1 32.Qxe1 Be5 33.Bc1 Qxg4 34.Kg2 h5 35.f3 Qf5 36.Qe2 h4
37.g4 h3+ 38.Kh1 Qf6 39.Qf1 Bf4 40.Bxf4 Qxf4 41.Qxh3 Qc1+ 42.Kg2 Qxc2+ 43.Kg3 Qxb3
44.Qh6 Qd5 45.Kg2 Qe5 46.Kf2 c4  0-1

[Event "BL2-O9495"]
[Site "Germany"]
[Date "1995.??.??"]
[Round "?"]
[White "Kosten, Anthony C"]
[Black "Braun, Gottfried"]
[Result "1-0"]
[WhiteElo "2510"]
[BlackElo "2330"]

1.d4 d6 2.e4 Nf6 3.Nc3 e5 4.Nf3 Nbd7 5.h3 exd4 6.Nxd4 Nc5 7.Qe2 Be7 8.Bf4 Ne6
9.Be3 Nxd4 10.Bxd4 O-O 11.O-O-O Re8 12.f4 Nd7 13.Qh5 Bf6 14.Bc4 g6 15.Qd5 Qe7
16.Bxf6 Qxf6 17.Qd2 Nb6 18.Bb5 c6 19.Be2 Be6 20.g4 Rad8 21.h4 d5 22.e5 Qe7
23.Qe1 f5 24.exf6 Qxf6 25.Qg3 Bf7 26.Bd3 Re7 27.g5 Qg7 28.h5 Rde8 29.hxg6 hxg6
30.f5 gxf5 31.g6 Be6 32.Ne2 Bc8 33.Nf4 Na4 34.c3 Nxc3 35.Rh7 Qe5 36.Rdh1 Nxa2+
37.Kb1 Nb4 38.Rh8+ Qxh8 39.Rxh8+ Kxh8 40.Be2 Kg8 41.Qh4 b6 42.Nh5 Rxe2 43.Nf6+ Kg7
44.Nxe8+ Kxg6 45.Qg3+ Kh6 46.Nd6 Ba6 47.Qf4+ Kh5 48.Qxf5+ Kh4 49.Qf4+ Kh3
50.Qxb4 c5 51.Qa3+  1-0

[Event "BL2-O9495"]
[Site "Germany"]
[Date "1995.??.??"]
[Round "?"]
[White "Krauseneck, Peter"]
[Black "Lorenz, Gerd"]
[Result "1/2-1/2"]
[WhiteElo "2300"]
[BlackElo "2235"]

1.e4 d6 2.d4 Nf6 3.Nc3 e5 4.Bg5 Be7 5.Nf3 Nbd7 6.h3 c6 7.Qd2 b5 8.a3 a6 9.Be2 Bb7
10.O-O Qc7 11.Rad1 Rd8 12.Qe3 O-O 13.dxe5 dxe5 14.Nh4 g6 15.Bh6 Rfe8 16.Nf5 Nc5
17.Nxe7+ Qxe7 18.Qg5 Rd4 19.Bf3 a5 20.Qh4 Ne6 21.Be3 Rxd1 22.Rxd1 Rd8 23.Rxd8+ Qxd8
24.Be2 h5 25.g4 hxg4 26.Bxg4 b4 27.axb4 axb4 28.Na4 Nxe4 29.Qxd8+ Nxd8 30.Nc5 Nxc5
31.Bxc5 b3 32.cxb3 f5 33.Be2 Kf7 34.Bc4+ Kf6 35.f3 Ne6 36.Bf2 Nf4 37.Kh2 Bc8
38.h4 Be6 39.Bc5 Bd5 40.Kg3 Nh5+ 41.Kf2 Nf4 42.Kg3 Ne6 43.Bb6 Ke7 44.Kf2 Kd6
45.Be3 Nc5 46.b4 Nd7 47.Bd3 Ke6 48.b5 c5 49.b6 Kd6 50.Ke2 Kc6 51.h5 gxh5
52.Bxf5 Nxb6 53.Bg6 Nc4 54.Bxh5 Nxb2 55.f4 e4 56.f5 Nd3 57.Be8+ Kd6 58.Bb5 c4
59.Bd4 Bf7 60.Ke3 Kd5 61.Bc3 Nc5 62.Bg7 Nb7 63.Bxc4+  1/2-1/2

[Event "BL2-O9495"]
[Site "Germany"]
[Date "1995.??.??"]
[Round "?"]
[White "Meier, Volker"]
[Black "Hesse, Peter"]
[Result "1/2-1/2"]
[WhiteElo "2300"]
[BlackElo "2370"]

1.e4 d6 2.d4 Nf6 3.Nc3 e5 4.Nf3 Nbd7 5.Bc4 Be7 6.O-O O-O 7.Re1 c6 8.a4 b6
9.h3 a6 10.b3 Rb8 11.d5 c5 12.Qe2 Ra8 13.Nd2 g6 14.g4 Ne8 15.Bd3 Bg5 16.Nc4 Bxc1
17.Raxc1 Qh4 18.Kg2 Rb8 19.Rh1 Ndf6 20.Nd2 Qh6 21.Rh2 Qf4 22.Kh1 h5 23.f3 Nc7
24.Rg1 Kg7 25.Nc4 Nce8 26.Qg2 hxg4 27.fxg4 Rh8 28.Rf1 Qg5 29.Qf3 Bd7 30.Kg1 b5
31.axb5 axb5 32.Ne3 Rb7 33.Rg2 Kf8 34.Rg3 Rh7 35.Ra1 Ke7 36.Ra5 Nc7 37.Qg2 Qh4
38.Ra1 b4 39.Nb1 Nb5 40.Nd2 Nd4 41.Nf3 Nxf3+ 42.Rxf3 Rg7 43.Qf2  1/2-1/2

[Event "BL2-O9495"]
[Site "Germany"]
[Date "1995.??.??"]
[Round "?"]
[White "Pribyl, Josef"]
[Black "Braun, Gottfried"]
[Result "1-0"]
[WhiteElo "2420"]
[BlackElo "2330"]

1.d4 d6 2.e4 Nf6 3.Nc3 e5 4.Nf3 Nbd7 5.Bc4 Be7 6.O-O O-O 7.Re1 a6 8.a4 exd4
9.Nxd4 Ne5 10.Bf1 Nc6 11.h3 Nb4 12.Bg5 d5 13.exd5 Nfxd5 14.Nxd5 Nxd5 15.Nc6 bxc6
16.Bxe7 Nxe7 17.Qxd8 Rxd8 18.Rxe7 Be6 19.Rxc7 Rd6 20.a5 Kf8 21.Be2 Ke8 22.Bf3 Bd7
23.Rb7 Kd8 24.Rd1 Rxd1+ 25.Bxd1 Kc8 26.Rb6 Kc7 27.Be2 Bc8 28.f4 Bb7 29.Kf2 Rd8
30.Bxa6 Bxa6 31.Rxa6 Rd2+ 32.Kf3 Kd6 33.Ra8  1-0

[Event "BL2-O9495"]
[Site "Germany"]
[Date "1995.??.??"]
[Round "?"]
[White "Weichert, Helmut"]
[Black "Matthey, Harald"]
[Result "1-0"]
[WhiteElo "2235"]
[BlackElo "2340"]

1.d4 Nf6 2.Nc3 d6 3.e4 e5 4.Nf3 Nbd7 5.Bc4 Be7 6.O-O O-O 7.h3 c6 8.a4 a5
9.Qe2 h6 10.Be3 Qc7 11.Rad1 Re8 12.Rfe1 Nf8 13.dxe5 dxe5 14.Nh4 Bb4 15.Nf5 Be6
16.Bd3 Ng6 17.g4 Nh7 18.Kg2 Rad8 19.Bc4 Ng5 20.h4 Bxc3 21.bxc3 Bxf5 22.gxf5 Nxh4+
23.Kg3 Nxe4+ 24.Kxh4 Nxc3 25.Qg4 Nxd1 26.f6 g5+ 27.Bxg5 Rd4 28.Bf4+  1-0

[Event "Bundesliga 9495"]
[Site "Germany"]
[Date "1995.??.??"]
[Round "?"]
[White "Backwinkel, Paul"]
[Black "Tischbierek, Raj"]
[Result "1-0"]
[WhiteElo "2410"]
[BlackElo "2525"]

1.d4 d6 2.e4 Nf6 3.Nc3 e5 4.dxe5 dxe5 5.Qxd8+ Kxd8 6.Bc4 Bb4 7.f3 Be6 8.Bxe6 Bxc3+
9.bxc3 fxe6 10.Nh3 Nbd7 11.Ke2 h6 12.Rd1 Ke7 13.Nf2 Ne8 14.Rb1 b6 15.Be3 Nd6
16.Ng4 a5 17.Bc1 Rab8 18.Ba3 c5 19.Rd3 Nc4 20.Rbd1 Rhd8 21.Bc1 b5 22.Ne3 Ncb6
23.c4 Nxc4 24.Nxc4 bxc4 25.Ra3 Rb5 26.Bd2 Nb8 27.Ra4 Nc6 28.c3 Rb2 29.Ke1 Rc2
30.a3 Ra2 31.Rxc4 Rxa3 32.Rxc5 Rd6 33.f4 Nd8 34.fxe5 Rd7 35.c4 a4 36.Ra5 Nc6
37.Ra6 Nb8 38.Bb4+ Ke8 39.Ra8 Rb7 40.Bxa3  1-0

[Event "Bundesliga 9495"]
[Site "Germany"]
[Date "1995.??.??"]
[Round "?"]
[White "Liebau, Andreas"]
[Black "Dutschak, Hauke"]
[Result "1/2-1/2"]
[WhiteElo "2220"]
[BlackElo "2240"]

1.e4 d6 2.d4 Nf6 3.Nc3 e5 4.dxe5 dxe5 5.Qxd8+ Kxd8 6.Bg5 Be6 7.O-O-O+ Nd7
8.Nf3 Bd6 9.Bb5 Kc8 10.Bxf6 Nxf6 11.Ng5 Rf8 12.Nxe6 fxe6 13.f3 a6 14.Bc4 Kd7
15.Ne2 Ke7 16.Ng3 Nd7 17.c3 b5 18.Be2 Rfb8 19.Kc2 a5 20.Nf1 a4 21.Nd2 Bc5
22.a3 Be3 23.Nb1 Nc5 24.Nd2 Bxd2 25.Rxd2 Nb3 26.Rd3 Nc5 27.Rd2 Nb3 28.Rd3 Nc5
29.Re3 c6 30.Rd1 Rd8 31.Rxd8 Rxd8 32.Bf1 Nb3 33.Rd3 Rf8 34.Rd1 g5 35.h3 h5
36.Be2 h4 37.Kd3 c5 38.Ke3 Rb8 39.Kf2 b4 40.axb4 cxb4 41.cxb4 Rxb4 42.g3 Nd4
43.Rd2 Nb3 44.Rc2 Nd4  1/2-1/2

[Event "Hessenliga"]
[Site "Germany"]
[Date "1995.??.??"]
[Round "?"]
[White "Rasch, Holger"]
[Black "Degenhardt, Horst"]
[Result "0-1"]
[WhiteElo "2235"]
[BlackElo "2345"]

1.e4 d6 2.d4 Nf6 3.Nc3 e5 4.dxe5 dxe5 5.Qxd8+ Kxd8 6.Bc4 Be6 7.Bxe6 fxe6
8.Be3 Bd6 9.f3 Ke7 10.O-O-O a6 11.Nh3 Nbd7 12.Nb1 Nh5 13.c4 b5 14.Nd2 Nf4
15.Nxf4 exf4 16.Bf2 Ne5 17.Kc2 c5 18.b3 g5 19.Ra1 Kf7 20.a4 Nc6 21.axb5 Nb4+
22.Kd1 Be5 23.Rb1 Nd3 24.Ke2 Rhd8 25.Rhd1 axb5 26.cxb5 Nxf2 27.Kxf2 Ra2  0-1

[Event "Hessenliga"]
[Site "Germany"]
[Date "1995.??.??"]
[Round "?"]
[White "Meier, Wolfgang"]
[Black "Kettler, Bernhard"]
[Result "1/2-1/2"]
[WhiteElo "2140"]
[BlackElo "2295"]

1.e4 d6 2.d4 Nf6 3.Nc3 Nbd7 4.Be3 e5 5.Be2 Be7 6.Qd2 O-O 7.h3 c6 8.Nf3 b5
9.a3 a6 10.O-O Qc7 11.Rad1 Re8 12.dxe5 dxe5 13.Nh2 Nc5 14.Bf3 a5 15.Ng4 Nfd7
16.Rfe1 Ne6 17.Ne2 Nb6 18.Bxb6 Qxb6 19.Nxe5 Ng5 20.Qc3 c5 21.Qe3 Bf6 22.Nd7 Bxd7
23.Rxd7 Nxf3+ 24.Qxf3 Qe6 25.Red1 Qxe4 26.Qxe4 Rxe4 27.Ng3 Rc4 28.R1d2 Re8
29.b3 Rd4 30.R2xd4 Bxd4 31.Kf1 g6 32.Rb7 b4 33.axb4 cxb4 34.Ne2 Be5 35.Rb5 Rd8
36.Ke1 Bc7 37.Rc5 Bb6 38.Rc6 Rb8 39.Nf4 Re8+ 40.Kf1 Bd8 41.Rc8 Kf8 42.Nd5 Bg5
43.Rxe8+ Kxe8 44.Ke2 Kd7 45.Kd3 Kc6 46.Kc4 h5 47.g4 hxg4 48.hxg4 f5 49.f4 Bd8
50.g5 Kd6 51.Kd4 Kc6 52.Kc4 Kd6 53.Kd4  1/2-1/2

[Event "BL2-S9495"]
[Site "Germany"]
[Date "1995.??.??"]
[Round "?"]
[White "Mokosch, Andreas"]
[Black "Miltner, Arndt"]
[Result "1-0"]
[WhiteElo "2210"]
[BlackElo "2310"]

1.e4 d6 2.d4 Nf6 3.Nc3 Nbd7 4.g3 e5 5.Nge2 c6 6.a4 Be7 7.Bg2 O-O 8.O-O b6
9.h3 a6 10.f4 Bb7 11.Be3 b5 12.axb5 axb5 13.Qd2 b4 14.Rxa8 Bxa8 15.Nd1 exd4
16.Nxd4 c5 17.Nf5 Nxe4 18.Bxe4 Bxe4 19.Nxd6 Bxd6 20.Qxd6 Bxc2 21.Nf2 Qc8
22.Ra1 Re8 23.Ra7 Rxe3 24.Rxd7 Re8 25.Rc7 Qa8 26.Qxc5 b3 27.Qc4 Rf8 28.Qc3 h6
29.Kh2 Qa6 30.Re7 Qf1 31.Qd2 Ra8 32.Re1 Qc4 33.Ng4 Be4 34.Rc1 Qd3 35.Qxd3 Bxd3
36.Rc3 Bc2 37.Ne3 Ra2 38.Nc4 h5 39.Kg1 Bf5 40.Rxb3 Bxh3 41.Ne5 g6 42.Kf2 Kg7
43.Kf3 Be6 44.Rb4 Kf6 45.Nd3 Ra1 46.Nc5 Bd5+ 47.Kf2 Rh1 48.Rd4 Rh2+ 49.Ke3 Bh1
50.Rd1 h4 51.gxh4 Rxh4 52.Rg1 Rh3+ 53.Kd4 Bc6 54.Rg5 Rf3 55.Ne4+ Ke6 56.Nc5+ Ke7
57.Nd3 Kf6 58.Rc5 Bb7 59.Rc7 Bd5 60.Ne5 Rxf4+ 61.Kxd5 Kg7 62.Nd3 Rf1 63.b4 g5
64.Rc1 Rf3 65.Ke4 g4 66.b5 Rf6 67.Rb1  1-0

[Event "BL9495 (Women)"]
[Site "Germany"]
[Date "1995.??.??"]
[Round "203"]
[White "Gruenberg, Regina"]
[Black "Barthel, Bergit"]
[Result "1-0"]
[WhiteElo "2125"]
[BlackElo "2080"]

1.e4 d6 2.d4 Nf6 3.Nc3 c6 4.f4 Qa5 5.Bd3 e5 6.Nf3 Nbd7 7.Qe2 Be7 8.Bd2 Qc7
9.Rb1 O-O 10.O-O a6 11.Kh1 Re8 12.Qf2 b5 13.dxe5 dxe5 14.Nh4 exf4 15.Bxf4 Ne5
16.Nf5 Bxf5 17.exf5 Nxd3 18.Bxc7 Nxf2+ 19.Rxf2 Bc5 20.Rd2 b4 21.Na4 Ne4 22.Rd7 Nf2+
23.Kg1 Nd1+ 24.Kf1 Ne3+ 25.Kf2 Ba7 26.Nb6 Bxb6 27.Bxb6 Nxf5 28.Rbd1 Ne7 29.R1d6 Rac8
30.Ra7 Nd5 31.Rxa6 Nxb6 32.Rxb6 c5 33.a4 bxa3 34.bxa3 Kf8 35.a4 Ra8 36.Ra6 Ke7
37.Ke2 Rxa6 38.Rxa6 Kd7+ 39.Kd3 Rb8 40.Ra7+ Ke6 41.a5 Rb1 42.a6 Ra1 43.Kc4 Ra5
44.Ra8 Kd6 45.a7 Kc6 46.Rc8+ Kb7 47.a8=Q+ Rxa8 48.Rxa8 Kxa8 49.Kxc5 Kb7 50.Kd6 f5
51.Ke5 g6 52.Kf6 Kc6 53.h4  1-0

[Event "Oberliga Ost C9495"]
[Site "Germany"]
[Date "1995.??.??"]
[Round "?"]
[White "Beck, Daniel"]
[Black "Stadtmueller, Harald"]
[Result "0-1"]
[WhiteElo "2180"]
[BlackElo "2210"]

1.e4 d6 2.d4 Nf6 3.Nc3 c6 4.Nf3 Bg4 5.Be2 e6 6.O-O d5 7.Ne5 Bxe2 8.Qxe2 a6
9.Rd1 Be7 10.Bf4 O-O 11.Rd3 Nbd7 12.Rad1 dxe4 13.Nxe4 Nxe4 14.Qxe4 Nf6 15.Qe2 Qd5
16.Bg5 Rfe8 17.Bxf6 Bxf6 18.c4 Qd8 19.Qc2 g6 20.c5 Qd5 21.Nc4 Rad8 22.Nd6 Re7
23.b3 Red7 24.Qe2 Bg7 25.Qe3 b5 26.g3 Bf8 27.Ne4 Be7 28.Qf4 Qf5 29.Qe3 a5
30.Kg2 h5 31.f3 b4 32.h4 Ra7 33.Qd2 Rb8 34.Qc2  0-1

[Event "Oberliga Nord N9495"]
[Site "Germany"]
[Date "1995.??.??"]
[Round "?"]
[White "Schurade, Matthias"]
[Black "Meyer, Falko"]
[Result "0-1"]
[WhiteElo "2345"]
[BlackElo "2260"]

1.e4 d6 2.d4 Nf6 3.Nc3 c6 4.Nf3 Bg4 5.Bc4 e6 6.h3 Bxf3 7.Qxf3 d5 8.exd5 cxd5
9.Bd3 Nc6 10.Ne2 a6 11.c3 Be7 12.Bf4 b5 13.O-O Qb6 14.Rfe1 Rc8 15.Ng3 O-O
16.Be5 Ne8 17.Nf5 Bf6 18.a4 Bxe5 19.dxe5 Qc7 20.axb5 axb5 21.Nd4 Nxd4 22.cxd4 Qb6
23.Qf4 Nc7 24.Re3 f5 25.exf6 Rxf6 26.Qe5 Ne8 27.Rg3 Qb8 28.Qh5 g6 29.Qe2 Qf4
30.Bxb5 Nd6 31.Bd7 Rc1+ 32.Rxc1 Qxc1+ 33.Kh2 Ne4 34.Qa6 Nxg3 35.Bxe6+ Kg7  0-1

[Event "Landesliga S9495 Bayern"]
[Site "Germany"]
[Date "1995.??.??"]
[Round "1"]
[White "Klundt, Klaus"]
[Black "Terzic, Safet"]
[Result "1-0"]
[WhiteElo "2310"]
[BlackElo "2260"]

1.e4 d6 2.d4 Nf6 3.Nc3 c6 4.f4 Qa5 5.e5 Ne4 6.Qf3 d5 7.Bd3 Nxc3 8.Bd2 e6
9.Ne2 c5 10.Bxc3 Qb6 11.dxc5 Bxc5 12.O-O-O Nc6 13.h4 Bd7 14.Qg4 g6 15.h5 O-O-O
16.Rh3 f5 17.Qg3 Rhg8 18.hxg6 hxg6 19.Rh6 g5 20.fxg5 Rxg5 21.Qf3 Be3+ 22.Bd2 Bxd2+
23.Rxd2 Nxe5 24.Qf4 Nf7 25.Rh7 e5 26.Qh4 Rg4 27.Qh5 Ng5 28.Rxd7 e4 29.Rxd8+ Kxd8
30.Bc4 Ke7 31.Nc3 Qg1+ 32.Rd1 Qxd1+ 33.Kxd1 dxc4 34.Nd5+ Ke6  1-0

[Event "Landesliga S9495 Bayern"]
[Site "Germany"]
[Date "1995.??.??"]
[Round "3"]
[White "Lochte, Thomas"]
[Black "Schoenbauer, Max"]
[Result "1-0"]
[WhiteElo "2150"]
[BlackElo "2085"]

1.e4 d6 2.d4 Nf6 3.Nc3 c6 4.a4 Qa5 5.Bd2 e5 6.dxe5 dxe5 7.Nf3 Bg4 8.h3 Bh5
9.Nd5 Qd8 10.Nxf6+ Qxf6 11.g4 Bg6 12.Bg5 Qd6 13.Qxd6 Bxd6 14.O-O-O Bc7 15.Nxe5 Bxe4
16.Re1 Bxe5 17.Rxe4 f6 18.f4 Kd7 19.fxe5 fxg5 20.e6+ Ke7 21.Re5 h6 22.Rf5 g6
23.Rf7+ Kxe6 24.Bc4+ Kd6 25.b4 a5 26.Rd1+ Ke5 27.c3 axb4 28.Re1+ Kd6 29.cxb4 Nd7
30.Rd1+ Ke5 31.Rdxd7 Rxa4 32.Rxb7 c5 33.Bd3 cxb4 34.Bxg6 Rc8+ 35.Kd2 Ra2+
36.Ke3 Rc3+ 37.Bd3 Rh2 38.Rf5+ Kd6 39.Rf6+ Ke5 40.Rf5+ Kd6 41.Kd4 Rc7 42.Rb6+ Ke7
43.Rxh6 Rd7+ 44.Kc4 b3 45.Rxg5 b2 46.Rh7+ Kd8 47.Rh8+ Ke7 48.Rg7+ Kd6 49.Rxd7+ Kxd7
50.Kc3 Ke7 51.Bc2  1-0

[Event "Landesliga S9495 Bayern"]
[Site "Germany"]
[Date "1995.??.??"]
[Round "5"]
[White "Schmaus, Horst"]
[Black "Schoenbauer, Max"]
[Result "0-1"]
[WhiteElo "2115"]
[BlackElo "2085"]

1.e4 d6 2.d4 Nf6 3.Nc3 c6 4.f4 Qa5 5.Bd3 e5 6.Nf3 Bg4 7.fxe5 dxe5 8.dxe5 Bxf3
9.Qxf3 Qxe5 10.Bf4 Qa5 11.O-O-O Bb4 12.Bd2 Nbd7 13.a3 Ne5 14.Qg3 Nxd3+ 15.cxd3 Be7
16.e5 Nd7 17.d4 O-O-O 18.Rhf1 Nb6 19.Rxf7 Bxa3 20.Qxg7 Bxb2+ 21.Kxb2 Qb4+
22.Kc2 Nc4 23.Bc1 Rhg8 24.Qh6 Rxg2+ 25.Kd3 Nxe5+ 26.Ke4 Nxf7 27.Qh3+ Rd7
28.Qxg2 Qxc3 29.Qg8+ Nd8 30.Bf4 Qc2+ 31.Rd3 Qe2+ 32.Re3 Qh5  0-1

[Event "Graz op"]
[Site "Graz"]
[Date "1995.??.??"]
[Round "3"]
[White "Forster, Richard"]
[Black "Stuhlik, Marko"]
[Result "1-0"]
[WhiteElo "2370"]
[BlackElo "2240"]

1.e4 d6 2.d4 Nf6 3.Nc3 c6 4.f4 Qa5 5.Bd2 Bg4 6.Nf3 e5 7.fxe5 dxe5 8.Bc4 Bxf3
9.Qxf3 Nbd7 10.Nd5 Qd8 11.Nxf6+ Qxf6 12.Qh3 Be7 13.O-O-O Qg6 14.Rhf1 Bf6
15.Bb4 b5 16.Bb3 a5 17.dxe5 Nxe5 18.Bd6 Qg5+ 19.Kb1 Rd8 20.Qc3 Rxd6 21.Rxd6 Nc4
22.Rdxf6 Nd2+ 23.Ka1 gxf6 24.Rf5 Qxg2 25.Qxc6+ Kf8 26.Qd6+ Ke8 27.Bxf7+ Kxf7
28.Rxf6+ Ke8 29.Re6+  1-0

[Event "Groningen op"]
[Site "Groningen"]
[Date "1995.??.??"]
[Round "?"]
[White "Pinkus, Lutz"]
[Black "Ismailova, Lala"]
[Result "1-0"]
[WhiteElo "2215"]
[BlackElo "2115"]

1.e4 d6 2.d4 Nf6 3.Nc3 e5 4.dxe5 dxe5 5.Qxd8+ Kxd8 6.Bg5 Be6 7.O-O-O+ Nd7
8.g3 c6 9.f4 Bg4 10.Rd2 exf4 11.h3 Bh5 12.g4 Kc8 13.gxh5 Nxh5 14.Be2 Ng3
15.Bg4 Nxh1 16.Bxd7+ Kc7 17.Bxf4+ Kb6 18.Rh2 Rd8 19.Bg4 Bb4 20.Nge2 Bxc3
21.Nxc3 h5 22.Be2 g5 23.Be3+  1-0

[Event "Groningen op"]
[Site "Groningen"]
[Date "1995.??.??"]
[Round "?"]
[White "Korneev, Oleg"]
[Black "Porper, Eduard"]
[Result "1-0"]
[WhiteElo "2605"]
[BlackElo "2425"]

1.e4 d6 2.d4 Nf6 3.Nc3 e5 4.Nf3 Nbd7 5.Bc4 Be7 6.O-O O-O 7.Re1 c6 8.a4 Qc7
9.h3 b6 10.Bg5 a6 11.d5 c5 12.Bf1 Qd8 13.Nd2 Ne8 14.Be3 g6 15.Nc4 f5 16.exf5 gxf5
17.f4 Bf6 18.Qd2 Kh8 19.Kh1 Rb8 20.fxe5 Nxe5 21.Bf4 Nxc4 22.Bxc4 Ng7 23.Be2 Bd4
24.Nd1 Qf6 25.c3 Be5 26.Nf2 Bb7 27.Bf3 Rbe8 28.Nd3 c4 29.Nb4 Qh4 30.Bh2 Bxh2
31.Kxh2 f4 32.Nc2 Nf5 33.Kg1 Qg3 34.Qf2 Nh4 35.Rad1 Bc8 36.Qxg3 fxg3 37.Nd4 Bd7
38.Bh5 Re5 39.Rxe5 dxe5 40.Nf3 Nxf3+ 41.Bxf3 Bxa4 42.Re1 Re8 43.Bh5 Re7 44.Re3 e4
45.Rxg3 e3 46.Kf1 Bc2 47.Bg4 Bd3+ 48.Ke1 h5 49.d6 Re8 50.d7 Rd8 51.Rxe3 Bg6
52.Bf5 Bf7 53.Rg3 b5 54.Kf2 a5 55.Ke3 b4 56.Kd4 Be8 57.cxb4 Bxd7 58.Bxd7 Rxd7+
59.Kxc4 Rc7+ 60.Kb5  1-0